[Event "Ermont op 1st"]
[Site "Ermont"]
[Date "2009.05.10"]
[Round "6"]
[White "Masset, Jacques"]
[Black "Richet, Vincent"]
[Result "0-1"]
[WhiteElo "1847"]
[BlackElo "1957"]
[PlyCount "48"]
[EventDate "2009.05.08"]
[EventType "swiss"]
[EventRounds "6"]
[EventCountry "FRA"]
[SourceTitle "EXT 2011"]
[Source "ChessBase"]
[SourceDate "2010.11.26"]
[SourceVersion "1"]
[SourceVersionDate "2010.11.26"]
[SourceQuality "1"]

1. d4 Nf6 2. c4 g6 3. Nc3 Bg7 4. e4 0-0 5. f4 d6 6. Nf3 c5 7. d5 e6 8. Bd3 exd5 9. cxd5 Re8 10. 0-0 c4 11. Bc2 Qb6+ 12. Kh1 Ng4 13. Qe2 f5 14. h3 Nf6 15. Qxc4 fxe4 16. Nxe4 Nxe4 17. Bxe4 Nd7 18. Ng5 Nc5 19. Bc2 Bd7 20. a4 Rac8 21. a5 Qb5 22. Qxb5 Bxb5 23. Rd1 Re2 24. Bb1 Nb3 0-1